| 000 | 00457nam a22001337a 4500 | ||
|---|---|---|---|
| 008 | 161115b xxu||||| |||| 00| 0 eng d | ||
| 050 | _aML350.5.Z55 1997 | ||
| 100 |
_aZindi, Fred _927457 |
||
| 245 |
_aMusic yeZimbabwe _b:"Zimbabwe versus the world" _c/ Fred Zindi |
||
| 260 |
_aHarare _bFred Zindi & Morgan Chirumiko _c1997 |
||
| 300 |
_axii.,159p.; _c20cm. |
||
| 650 |
_aMusic _xHistory & criticism _y20th century _zZimbabwe _927458 |
||
| 942 |
_2lcc _cMONOGRAPH |
||
| 999 |
_c125730 _d125730 |
||